Motorová vozidla I

Bibliographic Details
Main Author: Vlk, František (Author)
Format: Book
Language:English
PhysicalDescription:224 s.
Published: Brno Ediční středisko VUT 1989
Edition:1. vyd.

MARC

LEADER 00000nam a2200000 a 4500
001 vtls009277440
003 SK-MaSNL
005 20260301125402.0
008 240313 xr 000 0 eng
040 |a SNK  |b slo  |c SNK  |e AACR2 
044 |a xr  |c CZ 
100 1 |a Vlk, František  |4 aut  |9 475262 
245 1 |a Motorová vozidla I  |c František Vlk 
250 |a 1. vyd. 
260 |a Brno  |b Ediční středisko VUT  |c 1989  |e Břeclav  |f Moravské tiskařské závody 
300 |a 224 s. 
999 |c 742281  |d 744211 
952 |a SNK  |b SNK  |y VYP  |7 0  |p 17A0692116  |o snkIB 65172/1  |i snkKIP 1603/91  |3 rekatalogizácia  |0 0  |1 0  |4 0  |d 2011-04-28  |l 0  |r 2026-02-23 23:04:19  |w 2026-02-23 
952 |a SNK  |b SNK  |y VYP  |7 0  |p 17A0579118  |o snkIB 65172/1 D1  |i snkKIP 1604/91  |3 rekatalogizácia  |0 0  |1 1  |4 0  |d 2008-03-18  |l 0  |r 2026-02-23 23:04:19  |w 2026-02-23